[Event "chess.com Speed Poland"]
[Site "chess.com INT"]
[Date "2024.01.25"]
[Round "2.9"]
[White "Bartel, Mat"]
[Black "Klimkowski, Jan"]
[Result "1-0"]
[WhiteElo "2657"]
[BlackElo "2531"]
[PlyCount "91"]
[EventDate "2024.01.19"]
[EventType "k.o."]

1. Nf3 d5 2. g3 g6 3. Bg2 Bg7 4. O-O Nf6 5. d4 O-O 6. c3 Nbd7 7. Bf4 c5 8. Ne5 Qb6 ({RR} 8... b6 9. dxc5 Nxc5 10. c4 Bb7 11. Nc3 d4 12. Bxb7 Nxb7 13. Nc6 Qd7 14. Ne5 Qh3 15. Nb5 Rfd8 16. f3 Nh5 17. Nc6 Nxf4 18. gxf4 Rd7 19. Nbxd4 Na5 20. Ne5 Bxe5 21. fxe5 Rad8 22. e3 Nxc4 23. Qe2 {Goncalves,S (2208)-Varela La Madrid,M (1968) chess.com INT 2024 0-1 (32)}) 9. b3 $146 ({RR} 9. Qb3 c4 10. Qa3 Re8 11. Nd2 h6 12. e4 g5 13. Be3 Qe6 14. Nxd7 Bxd7 15. e5 Ng4 16. Rae1 a5 17. Qc5 Nxe3 18. Rxe3 Bc6 19. Nxc4 dxc4 20. d5 Bxd5 21. Bxd5 Qc8 22. Qxc8 Raxc8 23. Bxb7 Rb8 {Babula,N-Trujillo Villega,P Guaymallen 2001 ½-½ (52)}) ({RR} 9. Qb3 cxd4 10. Qxb6 Nxb6 11. cxd4 Ne4 12. Rc1 Nd6 13. Nc3 Be6 14. a4 a5 15. h4 Rfc8 16. b3 Rc7 17. Nb5 Rxc1+ 18. Rxc1 Nxb5 19. axb5 Rc8 20. Rc5 Kf8 21. e4 a4 22. exd5 Rxc5 23. dxc5 a3 {Carlsen,M (2861)-Karjakin,S (2752) Cupar 2019 ½-½ (49)}) 9... Rd8 10. e3 Nxe5 11. Bxe5 Bf5 12. dxc5 Qxc5 13. Qd4 Rac8 14. Qxc5 Rxc5 15. Bd4 Ra5 16. Nd2 Ne4 17. Nxe4 Bxe4 18. Bxe4 dxe4 19. a4 Rc8 20. c4 Bxd4 21. exd4 Ra6 22. Rae1 Rb6 23. Re3 e6 24. Rd1 Rd8 25. c5 Rb4 26. Rxe4 Rxb3 27. d5 Rxd5 28. Rxd5 exd5 29. Re7 Rb4 30. Rd7 a5 31. Kf1 Rxa4 32. Rxb7 Rc4 33. Rb5 a4 34. Ra5 Rc2 35. Rxa4 Rxc5 36. Ke2 Kg7 37. Ke3 Rc3+ 38. Kd4 Rc2 39. Ke3 Kf6 40. h4 Ke5 41. Ra7 d4+ 42. Kf3 d3 43. Rxf7 Kd4 44. Rxh7 Rc1 45. Rd7+ Kc3 46. Kg4 1-0

[Event "chess.com Speed Poland"]
[Site "chess.com INT"]
[Date "2024.01.25"]
[Round "2.10"]
[White "Klimkowski, Jan"]
[Black "Bartel, Mat"]
[Result "1-0"]
[WhiteElo "2531"]
[BlackElo "2657"]
[PlyCount "39"]
[EventDate "2024.01.19"]
[EventType "k.o."]

1. Nf3 Nf6 2. g3 b5 3. Bg2 Bb7 4. O-O e6 5. a4 b4 6. d4 Be7 7. Nbd2 O-O ({RR} 7... d5 8. Nb3 a5 9. Ne5 Nbd7 10. Nd3 O-O 11. f3 c5 12. dxc5 Qc7 13. Be3 e5 14. c3 bxc3 15. bxc3 Ba6 16. Re1 Rfe8 17. Qc2 Bxd3 18. exd3 Nxc5 19. Rec1 Rab8 20. Nxc5 Bxc5 21. d4 Ba7 22. Qd2 {Perelshteyn,E (2540)-Vovsha,E (2452) ICC INT 2007 ½-½ (42)}) 8. a5 d5 ({RR} 8... d6 9. Re1 c5 10. e4 cxd4 11. Nxd4 Qc8 12. N4b3 Na6 13. h3 Rd8 14. Kh2 Nc5 15. Qe2 e5 16. Nxc5 dxc5 17. b3 Ba6 18. Nc4 Qe6 19. Bb2 Ne8 20. Rad1 Rd4 21. Bxd4 cxd4 22. Bf1 Nd6 23. Qg4 {Przybylski,W (2308)-Kosteniuk,A (2501) chess.com INT 2024 0-1 (68)}) 9. Nb3 $146 ({RR} 9. Ne5 Nfd7 10. e4 Nxe5 11. dxe5 d4 12. Nb3 c5 13. c3 Ba6 14. cxd4 Bxf1 15. Bxf1 cxd4 16. Qxd4 Nc6 17. Qxd8 Rfxd8 18. f4 Nd4 19. Nxd4 Bc5 20. Kg2 Bxd4 21. Ra4 Bxb2 22. Be3 Bd4 23. Kf3 Bxe3 {O'Neill,P (1985)-Daly,C (2329) Dublin 2018 0-1 (31)}) 9... Na6 10. Bd2 Ne4 11. Be1 c5 12. dxc5 Nexc5 13. Nxc5 Bxc5 14. Nd4 e5 15. Nb3 Be7 16. Qd3 Nc7 17. Rd1 Qc8 18. Qe3 f6 19. Nc5 d4 20. Qb3+ 1-0

[Event "chess.com Speed Poland"]
[Site "chess.com INT"]
[Date "2024.01.25"]
[Round "2.17"]
[White "Bartel, Mat"]
[Black "Klimkowski, Jan"]
[Result "1-0"]
[WhiteElo "2657"]
[BlackElo "2531"]
[PlyCount "75"]
[EventDate "2024.01.19"]
[EventType "k.o."]

1. Nf3 d5 2. c4 d4 3. b4 g5 4. h3 h6 5. d3 e5 ({RR} 5... Bg7 6. g3 e5 7. Bg2 Ne7 8. Nbd2 O-O 9. Qb3 Be6 10. Ne4 Nd7 11. g4 Ng6 12. h4 gxh4 13. g5 f5 14. gxh6 fxe4 15. Ng5 e3 16. Nxe6 Qf6 17. c5 Qxf2+ 18. Kd1 Bxh6 19. Nxf8+ Kxf8 20. Rf1 {Firouzja,A (2763)-Vachier Lagrave,M (2731) Oslo NOR 2024 1-0}) 6. a3 ({RR} 6. Nbd2 Bg7 7. Bb2 a5 8. b5 Nd7 9. e3 Qe7 10. Be2 dxe3 11. fxe3 Ngf6 12. d4 e4 13. Nh2 h5 14. a4 c5 15. Nb3 cxd4 16. Bxd4 Ne5 17. Bc5 Qe6 18. Nd4 Qd7 19. Qb3 g4 20. O-O-O b6 {Gibala,A (2196)-Asensio Ramos,E (2227) chess.com INT 2025 1-0 (31)}) 6... Bg7 7. Nbd2 $146 ({RR} 7. g3 Ne7 8. Bg2 O-O 9. Bb2 Nd7 10. Nbd2 f5 11. Qc2 Ng6 12. c5 Nf6 13. Nc4 Re8 14. O-O-O Bd7 15. e3 Bc6 16. exd4 exd4 17. Rhe1 Rxe1 18. Nxe1 Bxg2 19. Nxg2 Qd5 20. Ne1 b6 21. cxb6 cxb6 {Gokhale,R (2079)-Deac,B (2692) chess.com INT 2024 0-1 (82)}) ({RR} 7. g3 Ne7 8. Bg2 a5 9. b5 Nd7 10. O-O Nc5 11. Nbd2 a4 12. Ne1 Be6 13. Bb2 Qd7 14. Kh2 f5 15. Qc2 h5 16. e3 h4 17. exd4 exd4 18. Ndf3 hxg3+ 19. fxg3 Bf6 20. Kg1 g4 21. hxg4 fxg4 {Bartel,M (2657)-Klimkowski,J (2531) chess.com INT 2024 0-1 (37)}) 7... Ne7 8. Nb3 b6 9. g3 Bb7 10. Bg2 Nd7 11. e4 dxe3 12. Bxe3 O-O 13. O-O Nf5 14. Bd2 Re8 15. Re1 Nf8 16. Qc2 Ne6 17. Bc3 f6 18. Rad1 c5 19. d4 Nfxd4 20. Nfxd4 cxd4 21. Bxb7 Rb8 22. Bd5 Kh8 23. Bxe6 Rxe6 24. Nxd4 Re8 25. Nf5 Qc7 26. Nxg7 Kxg7 27. Bb2 Rbc8 28. Qf5 Re7 29. Rc1 Rd8 30. c5 bxc5 31. Rxc5 Qd6 32. Rec1 h5 33. Rc6 Re6 34. Rxd6 Rdxd6 35. Rc7+ Kf8 36. Qh7 Rd1+ 37. Kg2 Ke8 38. Qg8# 1-0

[Event "chess.com Speed Poland"]
[Site "chess.com INT"]
[Date "2024.01.26"]
[Round "2.7"]
[White "Duda, J."]
[Black "Dragun, K."]
[Result "1-0"]
[WhiteElo "2732"]
[BlackElo "2553"]
[PlyCount "75"]
[EventDate "2024.01.19"]
[EventType "k.o."]

1. Nf3 d5 2. c4 c6 3. g3 Nf6 4. Bg2 e6 5. b3 Be7 6. Bb2 O-O 7. O-O a5 8. Nc3 Nbd7 ({RR} 8... d4 9. Nb1 c5 10. e3 Nc6 11. exd4 cxd4 12. Re1 a4 13. Na3 d3 14. Ne5 Nxe5 15. Rxe5 Nd7 16. Re3 axb3 17. axb3 Nc5 18. Nb5 Rxa1 19. Bxa1 Qa5 20. Bc3 Qa2 21. h4 Rd8 22. Qg4 Bf8 23. Qg5 {Malakhov,V (2690)-Jobava,B (2644) Benidorm 2007 1-0}) ({RR} 8... b6 9. d3 Bb7 10. e4 d4 11. Ne2 c5 12. Nh4 Nfd7 13. Nf3 Nc6 14. Bc1 a4 15. Bd2 Qc7 16. h4 Ra7 17. h5 Rfa8 18. h6 g6 19. b4 Nxb4 20. Bxb4 cxb4 21. Nfxd4 Qe5 22. Nb5 Ra5 23. d4 {Dudin,G (2516)-Novikov,E (2276) chess.com INT 2025 1-0 (38)}) 9. d3 b6 10. Qc2 $146 ({RR} 10. a3 Bb7 11. Qc2 Rc8 12. e3 b5 13. Rfd1 Qb6 14. Nd4 Ba6 15. Rab1 Rc7 16. Qe2 Rfc8 17. h3 h6 18. g4 Nf8 19. Qd2 Ng6 20. Rbc1 Nh4 21. Bh1 Bc5 22. Qe2 Qb8 23. cxb5 cxb5 24. a4 Bxd4 {Abdyjapar,A (2346)-Barrientos Chavarriaga,S (2468) Chess.com INT 2022 1-0 (75)}) 10... Bb7 11. e4 Rc8 12. e5 Ne8 13. Rfe1 b5 14. h4 b4 15. Ne2 c5 16. a4 Nc7 17. Nf4 f5 18. exf6 Bxf6 19. Bxf6 Qxf6 20. Ng5 Rce8 21. d4 g6 22. dxc5 h6 23. cxd5 exd5 24. Nxg6 hxg5 25. hxg5 Qc3 26. Qxc3 bxc3 27. Nxf8 Kxf8 28. Rec1 d4 29. c6 Nc5 30. cxb7 Nxb3 31. Rab1 Nxc1 32. Rxc1 Na6 33. Bc6 Rb8 34. Kf1 Nb4 35. Be4 d3 36. Rxc3 d2 37. Ke2 Re8 38. Rc8 1-0

[Event "Chessable Masters Div 2 W"]
[Site "chess.com INT"]
[Date "2024.02.02"]
[Round "1.1"]
[White "Keymer, Vincent"]
[Black "Svidler, P."]
[Result "1-0"]
[WhiteElo "2738"]
[BlackElo "2689"]
[PlyCount "39"]
[EventDate "2024.02.02"]
[EventType "k.o."]

1. Nf3 f5 2. d4 Nf6 3. c4 d6 4. Nc3 g6 5. e3 Bg7 6. b4 O-O ({RR} 6... e5 7. dxe5 Nfd7 8. Bb2 dxe5 9. c5 e4 10. Nd4 Ne5 11. Qb3 Nbc6 12. O-O-O Nxd4 13. Rxd4 Qe7 14. Nd5 Qf7 15. Qa4+ Nc6 16. Bc4 Be6 17. Nxc7+ Qxc7 18. Bxe6 Bxd4 19. exd4 a5 20. d5 {1-0 (20) Keymer,V (2738)-Svidler,P (2689) chess.com INT 2024}) 7. Bb2 Nbd7 ({RR} 7... c5 8. bxc5 dxc5 9. Be2 cxd4 10. exd4 Ne4 11. Qc2 Nc6 12. Rd1 g5 13. Nxe4 fxe4 14. Qxe4 g4 15. Nh4 e5 16. g3 Qa5+ 17. Kf1 exd4 18. Bd3 Qh5 19. Qd5+ Qf7 20. Qxf7+ Rxf7 21. Kg2 Be6 22. Rhe1 {Prozhanski,G (2258)-Smirin,I (2581) Eilat ISR 2025 ½-½ (44)}) 8. Qb3 e6 $146 ({RR} 8... c6 9. Be2 e5 10. c5+ d5 11. Nxe5 Nxe5 12. dxe5 Ng4 13. Bxg4 fxg4 14. Ne4 Qe7 15. Nf6+ Kh8 16. O-O Be6 17. Bd4 a6 18. a4 h5 19. b5 axb5 20. axb5 Rab8 21. Ra7 Qd8 22. Rb1 h4 23. Qa4 {Bocharov,D (2611)-Ivanov,A (2400) Sochi 2016 1-0 (31)}) 9. Be2 Qe7 10. O-O b6 11. d5 e5 12. Ng5 Re8 13. Ne6 Nf8 14. Nxg7 Kxg7 15. Rae1 g5 16. f4 Ng6 17. fxe5 Nxe5 18. Nb5 Kh6 19. Nd4 Rf8 20. Rxf5 1-0

[Event "Chessable Masters Div 2 W"]
[Site "chess.com INT"]
[Date "2024.02.02"]
[Round "1.3"]
[White "Keymer, Vincent"]
[Black "Svidler, P."]
[Result "1-0"]
[WhiteElo "2738"]
[BlackElo "2689"]
[PlyCount "39"]
[EventDate "2024.02.02"]
[EventType "k.o."]

1. Nf3 f5 2. d4 Nf6 3. c4 d6 4. Nc3 g6 5. e3 Bg7 6. b4 e5 ({RR} 6... O-O 7. Bb2 Nbd7 8. Qb3 e6 9. Be2 Qe7 10. O-O b6 11. d5 e5 12. Ng5 Re8 13. Ne6 Nf8 14. Nxg7 Kxg7 15. Rae1 g5 16. f4 Ng6 17. fxe5 Nxe5 18. Nb5 Kh6 19. Nd4 Rf8 20. Rxf5 {1-0 (20) Keymer,V (2738)-Svidler,P (2689) chess.com INT 2024}) ({RR} 6... O-O 7. Bb2 c5 8. bxc5 dxc5 9. Be2 cxd4 10. exd4 Ne4 11. Qc2 Nc6 12. Rd1 g5 13. Nxe4 fxe4 14. Qxe4 g4 15. Nh4 e5 16. g3 Qa5+ 17. Kf1 exd4 18. Bd3 Qh5 19. Qd5+ Qf7 20. Qxf7+ Rxf7 21. Kg2 {Prozhanski,G (2258)-Smirin,I (2581) Eilat ISR 2025 ½-½ (44)}) 7. dxe5 Nfd7 $146 ({RR} 7... dxe5 8. Qxd8+ Kxd8 9. Bb2 e4 10. O-O-O+ Bd7 11. Ng5 Kc8 12. c5 h6 13. Nf7 Rf8 14. Ne5 g5 15. Bc4 Nc6 16. Nxc6 Bxc6 17. Rd2 a6 18. Rhd1 Ng4 19. h3 Ne5 20. Be2 Kb8 21. a4 b6 22. b5 {Knebel,K-Mattsson,M (2010) Berlin 2007 0-1 (35)}) 8. Bb2 dxe5 9. c5 e4 10. Nd4 Ne5 11. Qb3 Nbc6 12. O-O-O Nxd4 13. Rxd4 Qe7 14. Nd5 Qf7 15. Qa4+ Nc6 16. Bc4 Be6 17. Nxc7+ Qxc7 18. Bxe6 Bxd4 19. exd4 a5 20. d5 1-0

[Event "Chessable Masters Div 2 L"]
[Site "chess.com INT"]
[Date "2024.02.03"]
[Round "1.1"]
[White "Giri, A."]
[Black "Svidler, P."]
[Result "1-0"]
[WhiteElo "2762"]
[BlackElo "2689"]
[PlyCount "83"]
[EventDate "2024.02.03"]
[EventType "k.o."]

1. Nf3 c5 2. c4 Nc6 3. Nc3 e5 4. e3 Nf6 5. d4 e4 6. d5 exf3 7. dxc6 bxc6 8. e4 Qc7 9. gxf3 Bd6 10. Be3 O-O 11. Qd2 Re8 12. O-O-O Be5 13. Rg1 g6 14. Rg5 d6 $146 ({RR} 14... Nh5 15. Rxe5 Qxe5 16. f4 Qe7 17. Be2 Ng7 18. e5 Rd8 19. Ne4 d5 20. Bxc5 Qb7 21. Qa5 Be6 22. Nd6 Qd7 23. cxd5 Bxd5 24. f5 gxf5 25. Rg1 Qe6 26. Qc3 f4 27. Bg4 Qg6 28. f3 Bxa2 29. Bf5 {Melkumyan,H (2647)-Forcen Esteban,D (2535) Benasque 2014 ½-½ (41)}) 15. Bf4 Qe7 16. Bxe5 dxe5 17. Qd6 h6 18. Rg1 Kg7 19. Qxe7 Rxe7 20. Na4 Nd7 21. Rd6 Re6 22. Rxe6 fxe6 23. h4 Kf6 24. b3 Bb7 25. Kd2 Rg8 26. Bh3 g5 27. hxg5+ Rxg5 28. Rxg5 hxg5 29. Kc3 a5 30. Nb2 Ke7 31. Nd1 Kd6 32. Ne3 Nf6 33. Bg4 Bc8 34. Kb2 Bd7 35. Ka3 Kc7 36. Nd1 Ng8 37. Nb2 Ne7 38. Nd3 Kd6 39. Ka4 Ng6 40. Kxa5 Nf4 41. Nxf4 exf4 42. Kb6 1-0

[Event "Chessable Masters Div 2 L"]
[Site "chess.com INT"]
[Date "2024.02.05"]
[Round "4.3"]
[White "Bok, B."]
[Black "Giri, A."]
[Result "1-0"]
[WhiteElo "2620"]
[BlackElo "2762"]
[PlyCount "83"]
[EventDate "2024.02.03"]
[EventType "k.o."]

1. Nf3 {Stockfish 16.1} d5 2. b3 Nf6 3. Bb2 e6 4. e3 Be7 5. g4 O-O 6. g5 Ne4 7. h4 c5 ({RR} 7... f6 8. d3 Nd6 9. Nbd2 Nc6 10. Qe2 e5 11. O-O-O Bg4 12. Bh3 Bxh3 13. Rxh3 a5 14. Rg3 a4 15. Rdg1 axb3 16. axb3 Nf5 17. Rg4 Ba3 18. gxf6 Bxb2+ 19. Kxb2 Qxf6 20. e4 Nb4 21. exf5 e4+ 22. d4 {Erdogmus,Y (2618)-Palczert,M (2391) chess.com INT 2025 1-0 (33)}) 8. d3 ({RR} 8. Nc3 Nxc3 9. dxc3 Nc6 10. c4 b6 ({RR} 10... d4) 11. Qd2 dxc4 12. Qc3 f6 13. Bxc4 Na5 ({RR} 13... Rb8) 14. Rd1 Qe8 15. Rg1 Kh8 16. h5 Qxh5 17. gxf6 Rxf6 ({RR} 17... Bxf6 18. Qxf6 gxf6 19. Bxf6+ Rxf6 20. Rd8+ Qe8 21. Rxe8+ Rf8 22. Rxf8#) 18. Be2 Ba6 19. Rxg7 ({RR} 19. Bxa6 Qxf3 20. Qd2 Rf7) ({RR} 19. Qe5 Qxe5 20. Nxe5 ({RR} 20. Bxe5 Bxe2 21. Kxe2 Rg6) 20... Bxe2 21. Rd7 ({RR} 21. Kxe2 Rff8)) 19... Kxg7 20. Rd7 Qf7 ({RR} 20... Kf8 21. Rxe7 Qh1+ 22. Kd2 Rd8+ 23. Bd3 Rd4 24. exd4 Qxf3 25. Bxa6 Kxe7 26. dxc5 Qxf2+ 27. Be2 Rf5 28. Qg7+ Rf7 29. Qg5+ Kd7 30. cxb6 axb6) 21. Ng5 {1-0 (21) Firouzja,A (2829)-Lazavik,D (2790) Chess.com 2024 [Stockfish 16.1]}) 8... Qa5+ $146 ({RR} 8... Nd6 9. h5 Nc6 10. Nbd2 f6 11. g6 h6 12. c4 dxc4 13. Nxc4 e5 14. Nh4 Be6 15. Bg2 Qd7 16. Qe2 Rad8 17. Rd1 Nb4 18. O-O Bg4 19. Bf3 Bh3 20. Nxd6 Bxd6 21. a3 Nc6 22. Rfe1 f5 23. Bd5+ {Shevchenko,K (2677)-Principe,G (2162) chess.com INT 2024 1-0 (66)}) 9. Nbd2 Nxd2 10. Qxd2 Qxd2+ 11. Kxd2 Nc6 12. Be2 Bd7 13. Rag1 b5 14. h5 a5 15. Ne5 Nxe5 16. Bxe5 a4 17. f4 b4 18. d4 Rfc8 19. dxc5 Rxc5 20. Bd3 Rca5 21. Bxh7+ Kxh7 22. g6+ Kh6 23. gxf7 Bf8 24. Rg6+ Kh7 25. Rhg1 d4 26. Bxg7 Rxh5 27. Bxf8 Rh2+ 28. Kd3 Rxf8 29. Rg7+ Kh6 30. Kxd4 axb3 31. axb3 Bc6 32. Ke5 Rh5+ 33. Kf6 Be4 34. Ke7 Rb8 35. f8=Q Rxf8 36. Kxf8 Bxc2 37. Rg8 Bh7 38. Rh8 Rf5+ 39. Ke7 Rh5 40. Kxe6 Rh3 41. f5 Rxe3+ 42. Kf6 1-0

[Event "Chessable Masters Div 3 L"]
[Site "chess.com INT"]
[Date "2024.02.02"]
[Round "1.2"]
[White "Svane, R."]
[Black "Yoo, Christopher Woojin"]
[Result "1-0"]
[WhiteElo "2632"]
[BlackElo "2595"]
[PlyCount "129"]
[EventDate "2024.02.02"]
[EventType "k.o."]

1. Nf3 c5 2. e3 Nc6 3. d4 cxd4 4. exd4 d5 5. c3 Bg4 6. Bf4 Bxf3 7. Qxf3 e6 8. Bd3 Bd6 9. Nd2 Bxf4 10. Qxf4 Nf6 11. O-O O-O 12. Rfe1 Nh5 $146 ({RR} 12... Ne7 13. Nf3 Ng6 14. Bxg6 hxg6 15. Ng5 Nh7 16. Nxh7 Kxh7 17. Re3 Kg8 18. Rae1 Re8 19. Rf3 Qe7 20. h4 b5 21. Re5 f6 22. Re2 Rab8 23. Rfe3 Rb6 24. Qf3 Qd7 25. h5 g5 26. h6 b4 27. Qh5 {Karakehajov,K (2453)-Gagunashvili,M (2553) Kocaeli 2008 1-0 (59)}) 13. Qg4 g6 14. Nf3 Kg7 15. g3 Qd6 16. Re3 f5 17. Qh3 Rae8 18. Rae1 h6 19. Bb5 Re7 20. Bxc6 bxc6 21. b4 Nf6 22. Ne5 Ne4 23. f3 Ng5 24. Qg2 f4 25. R3e2 fxg3 26. hxg3 Nf7 27. f4 Nxe5 28. Rxe5 Rf6 29. Qe2 Qd7 30. Kg2 Qe8 31. a4 Qf7 32. Qa6 Rc7 33. Qe2 Re7 34. Qd3 Rb7 35. R1e3 Re7 36. Qe2 Qe8 37. Rf3 Ref7 38. Rfe3 Re7 39. Qg4 Qf7 40. a5 Rf5 41. Qe2 Rf6 42. Rf3 Kh7 43. Kf2 Kg7 44. Ke1 Qf8 45. Rfe3 Qf7 46. Kd2 Kh7 47. Kc2 Kg7 48. Kb3 Kh7 49. Ka3 h5 50. Qe1 Kg7 51. Re2 Re8 52. Rg5 Rf5 53. Re5 Re7 54. Qe2 Kf8 55. Qh2 Qf6 56. Qe2 Qf7 57. Qg2 Qf6 58. Qh2 Rf7 59. Qe2 Re7 60. Kb3 Qf7 61. Qa6 Rc7 62. Qd3 Re7 63. Qd1 Qf6 64. Qh1 Rf7 65. Qh4 1-0

[Event "Chessable Masters Play-In"]
[Site "chess.com INT"]
[Date "2024.01.31"]
[Round "2"]
[White "Demidov, M."]
[Black "Khanin, S."]
[Result "1-0"]
[WhiteElo "2546"]
[BlackElo "2558"]
[PlyCount "93"]
[EventDate "2024.01.31"]

1. Nf3 Nf6 2. g3 g6 3. b3 d5 4. Bb2 c5 5. c4 d4 6. b4 Bg7 7. Bg2 O-O 8. O-O Re8 9. d3 ({RR} 9. bxc5 e5 10. d3 Nfd7 11. Nfd2 Nxc5 12. a4 Nc6 13. Ba3 Bf8 14. Nb3 Nxb3 15. Qxb3 Na5 16. Qb2 Rb8 17. Bxf8 Kxf8 18. Nd2 Bf5 19. Rae1 Qd6 20. f4 Nc6 21. Qb5 Kg7 22. a5 a6 23. Qd5 Qc7 {Carlsen,M (2832)-Robson,R (2700) chess.com INT 2024 1-0 (44)}) ({RR} 9. bxc5 e5 10. d3 Na6 11. Ba3 Qc7 12. Nbd2 h6 13. Rb1 Nxc5 14. Bxc5 Qxc5 15. Ne1 Rb8 16. Qa4 a6 17. Ne4 Qf8 18. Nxf6+ Bxf6 19. Nc2 b5 20. cxb5 axb5 21. Qa7 Bf5 22. Nb4 e4 23. Rb2 exd3 {Demidov,M (2549)-Torosyan,V (2187) Moscow RUS 2024 ½-½ (36)}) 9... e5 10. b5 ({RR} 10. Nbd2 cxb4 11. a3 bxa3 12. Bxa3 Qc7 13. Ng5 Bd7 14. Qb3 Bc6 15. Nge4 Nxe4 16. Nxe4 Na6 17. f4 exf4 18. Bd6 Qd7 19. c5 Qe6 20. Qxe6 fxe6 21. Rxf4 Nb4 22. Rf2 h6 23. g4 Nc2 24. Ra2 Ne3 {Bofill Mas,A (2283)-Shatko,D (2208) Barcelona ESP 2025 0-1 (31)}) 10... e4 $146 ({RR} 10... Bf5 11. Nh4 Bc8 12. Nd2 Qc7 13. a4 Bg4 14. h3 Be6 15. a5 a6 16. Qb3 Bh6 17. Bc1 axb5 18. Qxb5 Nc6 19. Nb3 Bxc1 20. Rfxc1 Nd7 21. a6 Ra7 22. Nxc5 Nxc5 23. Qxc5 Rc8 24. axb7 Rxb7 25. Nf3 {Jandke,M (2161)-Nabavi,P (2208) Feffernitz 2010 ½-½ (77)}) 11. Ng5 Bf5 12. dxe4 Nxe4 13. Nxe4 Bxe4 14. Bxe4 Rxe4 15. e3 Nd7 16. exd4 cxd4 17. Nd2 Re8 18. Nb3 Ne5 19. Bxd4 Nxc4 20. Rc1 Rc8 21. Bxg7 Kxg7 22. Rc3 Qf6 23. Rf3 Qe5 24. Qd7 Qe7 25. Qd4+ Ne5 26. Re3 Qf6 27. Qxa7 b6 28. Qb7 Nc4 29. Rf3 Qe7 30. Qxe7 Rxe7 31. Rc3 Nd6 32. Rc6 Re6 33. Rxb6 Ra8 34. Rd1 Nc4 35. Rxe6 fxe6 36. Rd4 Ne5 37. Re4 Nf3+ 38. Kg2 Ng5 39. Rg4 Nf7 40. a4 Ne5 41. Rd4 Kf6 42. a5 Rb8 43. b6 Nc6 44. Rd7 h5 45. Rc7 Nb4 46. Nc5 Nd5 47. Nd7+ 1-0

[Event "Chessable Masters Play-In"]
[Site "chess.com INT"]
[Date "2024.01.31"]
[Round "2"]
[White "Daneshvar, Bardiya"]
[Black "Mikaelyan, A."]
[Result "1-0"]
[WhiteElo "2597"]
[BlackElo "2519"]
[PlyCount "139"]
[EventDate "2024.01.31"]

1. Nf3 d5 2. e3 Nf6 3. c4 c6 4. Nc3 Nbd7 5. Qc2 e5 6. cxd5 Nxd5 7. Bc4 Nxc3 8. bxc3 Bd6 9. d4 O-O 10. O-O Qe7 11. e4 h6 12. a4 Re8 13. Re1 b6 $146 ({RR} 13... Nf6 14. dxe5 Bxe5 15. h3 Nh5 16. Nxe5 Qxe5 17. Bf1 Nf4 18. Qd2 Ne6 19. Bb2 c5 20. Rad1 Nf4 21. Re3 Be6 22. c4 Qc7 23. Rg3 Nh5 24. Rd3 Qf4 25. Qc3 Qxe4 26. Rg3 f6 27. Re3 Qg6 28. Qc1 {Santos Latasa,J (2647)-Gomez Gomez,F (2067) Ubeda ESP 2023 1-0 (32)}) 14. g3 c5 15. d5 Nf8 16. a5 Bg4 17. Nd2 Ng6 18. Bf1 Bd7 19. Rb1 Rab8 20. axb6 axb6 21. Nc4 b5 22. Nxd6 Qxd6 23. Be3 Ne7 24. c4 b4 25. Ra1 Ra8 26. Qb2 f5 27. f3 f4 28. Rxa8 Rxa8 29. gxf4 exf4 30. Bf2 Qg6+ 31. Bg2 b3 32. Kf1 Qb6 33. Rb1 Ra4 34. Qxb3 Qa6 35. Qb8+ Kh7 36. Qxf4 Qxc4+ 37. Kg1 Nxd5 38. Qd2 Nc3 39. Re1 Be6 40. Bf1 Qb4 41. Qd6 Bf7 42. Qe7 Bg6 43. Qxc5 Qb2 44. Bg3 Ra2 45. Qf2 Qb4 46. Qe3 Nb5 47. Re2 Ra1 48. Re1 Ra2 49. Re2 Ra1 50. Qd2 Qa3 51. Re3 Qa4 52. Re1 Ra2 53. Qd3 Na3 54. Rc1 Nc2 55. Qc3 Nb4 56. Qc7 Qa3 57. Rc3 Qb2 58. Qc5 Qd2 59. Qe3 Qd1 60. Qe1 Qd4+ 61. Qe3 Qd1 62. Rc1 Qa4 63. Qd4 Qa3 64. Rc7 Qb2 65. Rxg7+ Kh8 66. Qxb2 Rxb2 67. Rxg6 Nd3 68. Rxh6+ Kg8 69. Rd6 Ne5 70. Bxe5 1-0

[Event "Chessable Masters Play-In"]
[Site "chess.com INT"]
[Date "2024.01.31"]
[Round "2"]
[White "Muradli, Mahammad"]
[Black "Lodici, Lorenzo"]
[Result "1-0"]
[WhiteElo "2555"]
[BlackElo "2548"]
[PlyCount "153"]
[EventDate "2024.01.31"]

1. Nf3 b6 2. g3 Bb7 3. Bg2 g6 4. O-O Bg7 5. Re1 ({RR} 5. c4 f5 6. d4 Nf6 7. Nc3 O-O 8. d5 Na6 9. Be3 Qe8 10. Qd2 e5 11. dxe6 dxe6 12. Bh6 Rd8 13. Qc1 e5 14. Bxg7 Kxg7 15. Rd1 e4 16. Nd4 Qe5 17. Qf4 Qxf4 18. Ne6+ Kh6 19. gxf4 Rxd1+ {Eljanov,P (2672)-Ponomariov,R (2631) Chess.com INT 2020 0-1 (43)}) 5... Nf6 6. c4 O-O 7. Nc3 Ne4 $146 ({RR} 7... d5 8. d4 dxc4 9. e4 Nc6 10. d5 Na5 11. Ne5 Ne8 12. f4 Nd6 13. Qa4 Qe8 14. Qc2 c6 15. Be3 cxd5 16. exd5 Rc8 17. Rad1 Rc7 18. Na4 Qb5 19. Nc3 Qa6 20. Bf1 Ba8 21. Qb1 Qc8 22. Bg2 {Szuhanek,R (2444)-Kovacevic,B (2495) Borovo 2005 0-1 (114)}) ({RR} 7... d6 8. e4 e5 9. d4 Nbd7 10. h3 Re8 11. d5 a5 12. Rf1 Nc5 13. Ne1 c6 14. Nd3 Nxd3 15. Qxd3 cxd5 16. cxd5 Ba6 17. Nb5 Nd7 18. Be3 Nc5 19. Qe2 Qd7 20. a4 Nxa4 21. Rxa4 Bxb5 22. Rc4 {Ambartsumova,K (2405)-Erdogmus,Y (2618) chess.com INT 2025 0-1 (47)}) 8. Nxe4 Bxe4 9. d3 Bb7 10. e4 c5 11. d4 cxd4 12. Nxd4 Nc6 13. Be3 Nxd4 14. Bxd4 Bxd4 15. Qxd4 Qc7 16. Rad1 Rfd8 17. Rd2 Rac8 18. b3 Qc5 19. Qb2 d6 20. h4 h5 21. Red1 Re8 22. e5 Bxg2 23. exd6 Bf3 24. d7 Bxd1 25. dxe8=Q+ Rxe8 26. Rxd1 Qc7 27. Qd4 e5 28. Qe4 Kg7 29. Rd5 Re6 30. Qd3 Re7 31. b4 Qc6 32. a3 e4 33. Qd4+ Qf6 34. Qe3 Qb2 35. c5 bxc5 36. bxc5 Kh7 37. Kg2 Qc2 38. Rd8 Qc4 39. Qg5 Qe6 40. Qe3 Qe5 41. c6 Rc7 42. Rd7 Rxd7 43. cxd7 Qd5 44. Qxa7 e3+ 45. Kh2 exf2 46. d8=Q Qxd8 47. Qxf7+ Kh6 48. Qxf2 Qd3 49. a4 Qa3 50. Qc2 Qb4 51. Qa2 Qa5 52. Qb2 Kh7 53. Qc2 Kh6 54. Kh3 Kh7 55. Qe4 Kh6 56. Qf4+ Kh7 57. Qf7+ Kh6 58. Qf4+ Kh7 59. Qe4 Kh6 60. Kg2 Qd2+ 61. Kf3 Qd1+ 62. Ke3 Qe1+ 63. Kd4 Qb4+ 64. Ke5 Qc3+ 65. Kd6 Qxg3+ 66. Ke6 Qg4+ 67. Ke5 Qd7 68. Qd4 Qe7+ 69. Kd5 Qd7+ 70. Ke4 Qg4+ 71. Kd3 Qf3+ 72. Qe3+ Qxe3+ 73. Kxe3 g5 74. a5 gxh4 75. a6 h3 76. a7 h2 77. a8=Q 1-0

[Event "Chessable Masters Play-In"]
[Site "chess.com INT"]
[Date "2024.01.31"]
[Round "3"]
[White "Daneshvar, Bardiya"]
[Black "Rustemov, A."]
[Result "1-0"]
[WhiteElo "2597"]
[BlackElo "2525"]
[PlyCount "79"]
[EventDate "2024.01.31"]

1. Nf3 d5 2. e3 Nf6 3. c4 c6 4. Nc3 a6 5. Qc2 e6 6. d4 c5 7. cxd5 exd5 8. Be2 Nc6 9. O-O Be6 10. dxc5 Bxc5 11. Na4 Bd6 12. Nc5 Qe7 13. Nxe6 fxe6 14. b3 Rc8 15. Bb2 O-O 16. Rac1 Ba3 $146 ({RR} 16... e5 17. Qb1 Ba3 18. Rfd1 Bxb2 19. Qxb2 e4 20. Nd4 Ne5 21. h3 h6 22. a3 Nfd7 23. b4 Nb6 24. Nb3 Qf6 25. Qd2 Qxf2+ 26. Kh1 Rxc1 27. Rxc1 Qg3 28. Qd4 Rf6 29. Rg1 Kh7 30. Nc5 Qf2 31. Bd1 {Cori Tello,D (2388)-Stefanova,A (2470) Chess.com INT 2021 0-1 (31)}) 17. Qb1 Rc7 18. Rc2 Bxb2 19. Qxb2 Rfc8 20. Rfc1 Nb4 21. Rxc7 Rxc7 22. a3 Nc6 23. b4 Nd8 24. g3 Qd6 25. Nd4 Kf7 26. Nb3 Rxc1+ 27. Qxc1 Nd7 28. Qc8 Ke7 29. Na5 b6 30. Nb3 a5 31. Nd4 axb4 32. axb4 g6 33. b5 Nc5 34. Qa8 e5 35. Nc6+ Nxc6 36. bxc6 Qc7 37. Bb5 Kd6 38. Qf8+ Ke6 39. Bf1 d4 40. Bc4# 1-0